Statistics for UK Cities By Population

Click here to take the quiz!

General Stats

  • This quiz has been taken 39 times
  • The average score is 41 of 69

Answer Stats

CountryHintAnswer% Correct
England7,000London
97%
England503,000Manchester
97%
England1,092,000Birmingham
95%
Scotland603,000Glasgow
95%
Wales346,000Cardiff
92%
Scotland469,000Edinburgh
92%
England466,000Liverpool
92%
England428,000Bristol
90%
England751,000Leeds
90%
England280,000Newcastle upon Tyne
90%
Northern Ireland334,000Belfast
87%
England237,000Southampton
85%
England124,000Cambridge
82%
England152,000Oxford
82%
England306,000Nottingham
79%
England553,000Sheffield
79%
England198,000York
79%
England273,000Brighton & Hove
77%
Scotland79,000Inverness
77%
Wales239,000Swansea
77%
Scotland189,000Aberdeen
74%
England330,000Leicester
74%
Scotland154,000Dundee
72%
England256,000Plymouth
72%
England205,000Portsmouth
69%
England256,000Kingston upon Hull
67%
England108,000Carlisle
64%
England317,000Coventry
64%
England133,000Norwich
64%
England89,000Bath
62%
England522,000Bradford
62%
England92,000Chester
62%
England249,000Stoke-on-Trent
62%
England276,000Sunderland
62%
Northern Ireland108,000Derry
59%
England118,000Exeter
59%
England249,000Wolverhampton
56%
England249,000Derby
54%
England94,000Lincoln
54%
Scotland46,000Perth
54%
England140,000Preston
54%
Wales2,000St Davids
54%
England59,000Hereford
49%
Scotland35,000Stirling
49%
England94,000Durham
46%
England122,000Gloucester
46%
Wales146,000Newport
46%
England99,000Worcester
46%
England138,000Lancaster
44%
England184,000Peterborough
44%
Wales19,000Bangor
41%
England151,000Canterbury
41%
England20,000Ely
41%
England19,000Truro
41%
England168,000Chelmsford
36%
England40,000Salisbury
36%
England219,000Westminster
36%
England117,000Winchester
36%
England234,000Salford
33%
England141,000St Albans
33%
England326,000Wakefield
33%
England27,000Chichester
31%
England17,000Ripon
31%
England11,000Wells
31%
Northern Ireland30,000Newry
28%
Northern Ireland120,000Lisburn
26%
Wales3,000St Asaph
26%
Northern Ireland15,000Armagh
23%
England32,000Lichfield
23%

Score Distribution

Percentile by Number Answered

Percent of People with Each Score

Your Score History

You have not taken this quiz